<?xml version="1.0" encoding="UTF-8"?>
<collection xmlns="http://www.loc.gov/MARC21/slim">
 <record>
  <leader>02116nam a2200193Ia 4500</leader>
  <controlfield tag="001">CTU_91404</controlfield>
  <controlfield tag="008">210402s9999    xx            000 0 und d</controlfield>
  <datafield tag="082" ind1=" " ind2=" ">
   <subfield code="a">335.411</subfield>
  </datafield>
  <datafield tag="082" ind1=" " ind2=" ">
   <subfield code="b">B450</subfield>
  </datafield>
  <datafield tag="110" ind1=" " ind2=" ">
   <subfield code="a">Bộ Giáo dục và Đào tạo</subfield>
  </datafield>
  <datafield tag="245" ind1=" " ind2="0">
   <subfield code="a">Triết học Mác- Lênin :</subfield>
  </datafield>
  <datafield tag="245" ind1=" " ind2="0">
   <subfield code="b">Đề cương bài giảng dùng trong các trường đại học và cao đẳng từ năm học 1991-1992</subfield>
  </datafield>
  <datafield tag="260" ind1=" " ind2=" ">
   <subfield code="a">Hà Nội</subfield>
  </datafield>
  <datafield tag="260" ind1=" " ind2=" ">
   <subfield code="b">Gáio dục</subfield>
  </datafield>
  <datafield tag="260" ind1=" " ind2=" ">
   <subfield code="c">1995</subfield>
  </datafield>
  <datafield tag="520" ind1=" " ind2=" ">
   <subfield code="a">Triết học ra đờ ở cả phương Đông và phương Tây gần như cùng một thờ gian (khoảng từ thế kỷ VIII đến thế kỷ VI trước Công nguyên) tại một số trung tâm văn minh cổ đại của nhân loại như Trung Quốc, Ấn Độ, Hy Lạp. Ở Trung Quốc, thuật ngữ triết học có gốc ngôn ngữ là chữ triết; người Trung Quốc hiểu triết học không phải là sự miêu tả mà là sự truy tìm bản chất của đối tương, triết học chính trị trí tuệ, là sự hiểu biết sâu sắc của con người. Ở Ấn Độ, thuật ngữ dar'sana có nghĩa là chiêm ngưỡng, nhưng mang hàm ý là tri thức dựa trên lý trí, là con đường suy ngẫm để dẫn dắt con người đến với lẽ phải. Ở phương Tây, thuật ngữ triết học xuất hiện ở Hy Lạp. Nếu chuyển từ tiếng Hy Lạp cổ sang tiếng Latinh thì triết học là Philosophia, nghĩa là yêu mến sự thông thái. Với người Hy Lạp, Philosophia vừa mang tính định hướng, vừa nhấn mạnh đến khát vọng tìm kiếm chân lý của con người. ...</subfield>
  </datafield>
  <datafield tag="650" ind1=" " ind2=" ">
   <subfield code="a">Communism,Marxism,Socialism</subfield>
  </datafield>
  <datafield tag="904" ind1=" " ind2=" ">
   <subfield code="i">Trúc, Mai chuyển từ 146.32 thành 335.411 chưa in nhãn</subfield>
  </datafield>
  <datafield tag="980" ind1=" " ind2=" ">
   <subfield code="a">Trung tâm Học liệu Trường Đại học Cần Thơ</subfield>
  </datafield>
 </record>
</collection>
